000 01804nam a2200289 a 4500
001 84296
003 BD-RjUL
005 20241113130005.0
008 241113s2022 bg a|||| m||| 00| 0 ben d
035 _a(BD-RjUL)84296
040 _aBD-RjUL
_bben/eng
_cBD-RjUL
_dBD-RjUL
041 _aben
082 _a181.07
_223
_bMAA 2022
100 _aমানছুর, আব্দুল্লাহ আল
_914242
245 1 0 _aআলী আহমাদ বাকাছীর :
_bআরবী নাটকে তাঁর অবদান /
_cগবেষক আব্দুল্লাহ আল মানছুর ;
_6গবেষণা তত্ত্বাবধায়ক : ইফতিখারুল আলম মাসউদ
246 _aAli Ahmad Bakatheer :
_bHis Contribution to Arabic Drama /
260 _aরাজশাহী :
_bআরবী বিভাগ, রাজশাহী বিশ্ববিদ্যালয়,
_c২০২২
300 _aix, ২২৪ পাতা :
_bচিত্র ;
_c২৯ সেমি.
502 _aথিসিস (পিএইচ. ডি.) -- আরবী বিভাগ, রাজশাহী বিশ্ববিদ্যালয়, ২০২২
504 _aগ্রন্থপঞ্জী : পাতা ২০৭-২২৪
600 _aআলী আহমাদ বাকাছীর
_d21 ডিসেম্বর 1910, 10 নভেম্বর 1969
_914243
600 _aAli Ahmad Bakashi
_d21 December 1910, 10 November 1969
_914244
650 _aজীবনী
_vইতিহাস ও সমালোচনা
_914245
650 _aBiography
_vHistory and Criticism
_914246
700 _aমাসউদ, ইফতিখারুল আলম, গবেষণা তত্ত্বাবধায়ক
_914247
942 _2ddc
_cTHE
999 _c84296
_d84296